000 00760cam a2200229 4500
001 ##M90267
008 090401t1997 xxu||||| |||| 00| 0 eng d
020 _a0952973007
035 _a(Sirsi) u84726
041 0 _aeng
050 0 4 _a526.9809 $2 18
100 1 _aHodson, Yolande
245 0 3 _aAn illustrated history of 250 years of Military Survey
260 _aTolworth, Surrey
_bMilitary Survey Defence Agency
_c1997
300 _a40p.
_bill
_c30cm.
350 _a7
520 _aPresents an overview of the key players and historical innovations of the Military Survey from 1747 to 1997.
690 _aENVIRONMENTAL AND LAND CONSULTANCY-GEOMATICS-MAPPING AND POSITIONING-CARTOGRAPHY
700 1 _aGordon, Alan
942 _n0
948 _c06/03/1998
999 _c96971
_d96971